000 00696nam a22002177a 4500
003 UA-OsUOA
001 63086
007 ta
008 20090917b un ||||| |||| 00| 0 ukr d
100 _aЧерняховский Э.
090 _a32
_bЧ-49
942 _cSA
040 _aUA-OsUOA
_brus
_cUA-OsUOA
_dUA-OsUOA
245 _aВодная дипломатия - водные ресурсы мира - основа для выживания и устойчивого развития в ХХ! веке
300 _aС.26-30
955 _a0
041 _arus
080 _a32
773 0 _w63085
_tДипломатическая служба
_dМ.
_d2009
_g3
650 7 _a32 Політика
_2UDC
999 _c349177
_d349177